| 000 | 01751 a2200205 4500 | ||
|---|---|---|---|
| 003 | Nust | ||
| 005 | 20230119180758.0 | ||
| 010 | _a 80022666 | ||
| 020 | _a007006718X : | ||
| 040 | _cNust | ||
| 082 | 0 | 0 | _a696,BOV |
| 245 | 0 | 0 |
_aHandbook of mechanical and electrical systems for buildings / _cH.E. Bovay, Jr., editor in chief. |
| 260 |
_aNew York : _bMcGraw-Hill, _cc1981. |
||
| 300 |
_aCa. 800 p. : _bill. ; _c24 cm. |
||
| 505 | _aBoilers (Page-1-1), Fuel Burning Equipment (Page-2-1), Boiler Room Auxiliaries (Page-3-1), Fuels (Page-4-1), Large Building Air Conditioning Systems (Page-5-1), Refrigeration Equipment For Buildings (Page-6-1), Heating (Page-7-1), Temperature And Humidity Control (Page-8-1), Ventilation (Page-9-1), Air Filteration (Page-10-1), Odor Control (Page-11-1), Central Plant Facilities For Air Conditioning (Page-12-1), Centrifugal And Positive Displacement Pumps (Page-13-1), Fans (Page-14-1), Balancing And Testing (Page-15-1), Mechanical System Noise And Vibration Control (Page-16-1), Plumbing (Page-17-1), Water Supply And Conditioning (Page-18-1), Fire And Life Safety (Page-19-1), Alarm Systems (Page-20-1), Lighting (Page-21-1), High Voltage Distribution Systems (Page-22-1), Secondary Power Distribution Systems (Page-23-1), Electrical Service For Vertical Transportation Systems (Page-24-1), Communication Systems (Page-25-1), Lightning Protection (Page-26-1), Radiation Protection (Page-27-1), Metric Units In Engineering (Page-28-1), Energy Management (Page-29-1), Solar Energy (Page-30-1). | ||
| 650 | 0 |
_aBuildings _xElectric equipment _xHandbooks, manuals, etc. _9107166 |
|
| 650 | 0 |
_aBuildings _xMechanical equipment _xHandbooks, manuals, etc. _9107167 |
|
| 700 | 1 |
_aBovay, Harry E. _9107168 |
|
| 942 |
_2ddc _cBK |
||
| 999 |
_c185189 _d185189 |
||